000 00894nam a22002297a 4500
005 2010081401521.0
010 _aENG-100550
020 _a9788190951869
_c250.00
035 _aEN-84083
037 _bDBAD/PUB
082 _a954.93004494811
100 _aManish Kumar Singh
_914283
245 _aTamil separatist movement in Sri Lanka and the LTTE /
_bby Manish Kumar Singh
260 _aPatna
_bJagriti Publication
_c2010
270 _aMaitri Shanti Bhavwan B.M Dass Road,
_bPatna
300 _a126p.
_c22cm (Hb)
650 _aInternational Relation
_914284
650 _aPolitical Science
_zSri Lanka
_914285
650 _aTamil (India people) Poltics and government
_914286
942 _2ddc
_cEN
_h954.93004494811
_mMAN
999 _c41993
_d41993